[Event "BLR-ch U18"]
[Site "Minsk"]
[Date "2020.02.07"]
[Round "1"]
[White "Strybuk, Artsiom I"]
[Black "Bogdanov, Evgeny"]
[Result "1-0"]
[WhiteElo "2198"]
[BlackElo "1609"]
[PlyCount "137"]
[EventDate "2020.02.07"]
[EventType "swiss"]
[EventRounds "9"]
[EventCountry "BLR"]
[SourceTitle "CBM 195 Extra"]
[Source "ChessBase"]
[SourceDate "2020.05.31"]
[SourceVersion "1"]
[SourceVersionDate "2020.05.31"]
[SourceQuality "1"]

1. d4 d5 2. c4 c6 3. Nf3 Nf6 4. e3 e6 5. b3 Nbd7 6. Bd3 Be7 7. 0-0 0-0 8. Bb2 dxc4 9. bxc4 c5 10. Nc3 b6 11. d5 e5 12. Bf5 Bd6 13. Nd2 Re8 14. Nde4 Nxe4 15. Nxe4 Nf6 16. Nxf6+ Qxf6 17. Bxc8 Raxc8 18. e4 Qg6 19. Qd3 Rb8 20. a4 a6 21. Bc3 Rb7 22. Rab1 Reb8 23. f3 f6 24. Rb3 Qe8 25. Rfb1 Qxa4 26. Be1 Qd7 27. Ra1 a5 28. Rb5 Bc7 29. Qb3 Bd8 30. Rb1 a4 31. Qxa4 Ra7 32. Qc2 Rba8 33. h3 Ra2 34. R5b2 R2a4 35. Qd3 Qd6 36. Rc2 R8a7 37. Rcc1 Ra8 38. Bc3 Kf7 39. Qf1 Bc7 40. Ra1 Rxa1 41. Rxa1 Rxa1 42. Qxa1 Qe7 43. Kf1 Qd6 44. Ke2 Qd7 45. Qa7 Qd6 46. Kd3 Qd7 47. Qb7 Qd6 48. Kc2 Qd7 49. Kb3 Qd6 50. Qc8 Qe7 51. h4 Bd6 52. h5 Bc7 53. Qh8 h6 54. Qc8 Bd8 55. Qc6 Bc7 56. Ka4 Kf8 57. Kb5 Qd8 58. Qe6 Bd6 59. Bd2 Qc7 60. g3 Qd8 61. f4 Qc7 62. fxe5 fxe5 63. g4 Qd8 64. Be1 Bc7 65. Kc6 Bb8 66. d6 Qe8+ 67. Qxe8+ Kxe8 68. d7+ Kd8 69. Bh4+ 1-0